Football Teams Luuk de Jong Played For - Statistics

General Stats
  • This quiz has been taken 46 times
  • The average score is 6 of 8
Answer Stats
League Years Team % Correct
Netherlands 2014-2019 PSV
98%
Netherlands 2022- PSV
98%
Spain 2021-2022 FC Barcelona
95%
Spain 2019-2021 Sevilla FC
85%
Netherlands 2009-2012 FC Twente
54%
England 2014 Newcastle United
51%
Germany 2012-2014 Borussia Mönchengladbach
41%
Netherlands 2008-2009 De Graafschap
32%
No matching quizzes found
Score Distribution
Percent of People with Each Score
Percentile by Number Answered
Your Score History
You have not taken this quiz